000 00943nam a2200301 a 4500
001 43327
003 BD-RjUL
005 20211209053701.0
008 160621s1991 cou b 001 0 eng d
020 _a0813311101
020 _a0813311098
035 _a(BD-RjUL)43445
035 _a1346757
040 _aANL
_beng
_cANL
041 _aeng
082 0 4 _a382.09
_223
_bSMC 1991
100 1 _aSmith, Alan K.
_9133087
245 1 0 _aCreating a world economy :
_bmerchant capital, colonialism and world trade, 1400-1825 /
_cAlan K. Smith.
260 _aBoulder, Colorado :
_bWestview Press,
_cc1991.
300 _aviii, 318 p. ;
_c24 cm.
504 _aIncludes bibliographical references and index.
650 0 _aCommerce
_xHistory.
_9133088
650 0 _aInternational trade
_xHistory.
_9133089
650 0 _aEconomic history.
_9133090
650 0 _aCapitalism
_xHistory.
_9133091
650 0 _aColonies
_xHistory.
_9128306
942 _2ddc
_cBK
999 _c43327
_d43327